| 000 | 01958 a2200217 4500 | ||
|---|---|---|---|
| 001 | 48934 | ||
| 005 | 20260407155755.0 | ||
| 008 | 260407a1991 arg spa d | ||
| 003 | AR-UNSa-BCEJYS | ||
| 040 |
_aAR-UNSa-BCEJYS _bspa _cAR-UNSa-BCEJYS |
||
| 080 |
_a339.5 _xComercio exterior. Comercio Internacional |
||
| 245 | 1 | 0 |
_aComo exportar e importar _pcálculo del costo y del precio internacional |
| 020 | _a950-543-071-X | ||
| 250 | _a2a.ed. | ||
| 264 | 1 |
_aBuenos Aires : _bCangallo _c1991 |
|
| 300 |
_a716 p. _c23 cm. |
||
| 505 | _aPRIMERA PARTE: Como exportar e importar: 1. Análisis de las posibilidades de exportar o importar - 2. Canales de comercialización - 3. Las ferias y exposiciones comerciales - SEGUNDA PARTE: Presupuestos de la actividad con el exterior: 1. La nomenclatura - 2. Régimen Legal del Comercio Exterior - TERCERA PARTE: El régimen de exportación: 1. Aspectos básicos de la exportación - 2. Documentos más usuales - 3. Estímulos aduaneros - 4. Reintegros y reembolsos - 5. Diversos estímulos a las exportaciones - 6. Tributación y exportaciones - 7. Régimen cambiario - 8. Régimen financiero - 9. Seguro de crédito a la exportación - 10. Secuencia de una exportación - CUARTA PARTE: Régimen de importación: 1. Las tarifas arancelarias - 2. La base imponible. Derechos, gravámenes y tasas. Legislación antidumping. Destinaciones aduaneras - 3. Seguros. Transportes. Regímenes de pago. Financiación de bienes importados - 4. Actualizaciones. Tasa de interés. Régimen de garantías. Procedimiento de impugnación. Penalidades - QUINTA PARTE: Operaciones cambiarias: 1. Régimen cambiario - SEXTA PARTE: Cálculo del costo t del precio de exportación e importación: 1. Consideraciones sobre el precio internacional - 2. Cálculo del costo y del precio de exportación - 3. Cálculo del costo de importación. | ||
| 942 | _cBK | ||
| 590 | _aniveau_biblio:m niveau_hierar:0 | ||
| 100 | 1 | _aFratalocchi, Aldo | |
| 999 |
_c4759 _d4759 |
||